[Event "Duesseldorf-ch"]
[Site "Duesseldorf"]
[Date "2006.09.07"]
[Round "2"]
[White "Polinsky, Felix"]
[Black "Dobberstein, Werner"]
[Result "1-0"]
[WhiteElo "1947"]
[BlackElo "1525"]
[PlyCount "177"]
[EventDate "2006.08.24"]
[EventType "swiss"]
[EventRounds "7"]
[EventCountry "GER"]
[SourceTitle "EXT 2008"]
[Source "ChessBase"]
[SourceDate "2007.11.25"]
[SourceVersion "1"]
[SourceVersionDate "2007.11.25"]
[SourceQuality "1"]

1. c4 c5 2. Nc3 Nc6 3. Nf3 g6 4. g3 Bg7 5. Bg2 Nf6 6. 0-0 0-0 7. d4 cxd4 8. Nxd4 a6 9. Nb3 Na5 10. c5 Nc6 11. Na4 d6 12. cxd6 exd6 13. Be3 Be6 14. Nb6 Rb8 15. h3 Re8 16. Qd2 Qc7 17. Rac1 Bxb3 18. axb3 Ne4 19. Bxe4 Rxe4 20. Rfd1 Re6 21. Nc4 Qe7 22. Rc2 d5 23. Nb6 d4 24. Bf4 Rd8 25. Na4 Re8 26. Kf1 Qb4 27. Nc5 Rf6 28. Qxb4 Nxb4 29. Rc4 Nd5 30. Nd3 Rb6 31. b4 Rb5 32. Bd2 h5 33. Rdc1 Re7 34. Rc8+ Kh7 35. R8c5 Rxc5 36. Rxc5 Rd7 37. b5 axb5 38. Rxb5 b6 39. Bf4 Nxf4 40. Nxf4 Rd6 41. Nd3 Kh6 42. g4 hxg4 43. hxg4 Bf6 44. f4 Bg7 45. Kf2 f6 46. f5 gxf5 47. Rxf5 Kg6 48. Nf4+ Kf7 49. g5 Kg8 50. g6 Bh6 51. Nh5 Bg5 52. Rb5 Be3+ 53. Kf3 f5 54. g7 Bh6 55. Rxf5 Bxg7 56. Rg5 d3 57. Rxg7+ Kf8 58. Rg1 dxe2 59. Kxe2 Rd5 60. Nf4 Rd6 61. Nd3 Ke7 62. Kd2 Kd7 63. Rc1 Rh6 64. Rc4 Rh2+ 65. Kc3 Kd6 66. b4 Rh5 67. Re4 Kc6 68. Re6+ Kb7 69. Re5 Rh3 70. b5 Kc7 71. Rd5 Rg3 72. Kc4 Rg4+ 73. Rd4 Rg5 74. Kb4 Rg3 75. Ne5 Rg1 76. Nd3 Rb1+ 77. Kc4 Ra1 78. Rh4 Ra4+ 79. Nb4 Ra1 80. Rh7+ Kc8 81. Nd5 Rc1+ 82. Kd4 Rd1+ 83. Ke5 Rb1 84. Ne7+ Kd8 85. Nc6+ Kc8 86. Nd4 Rc1 87. Kd6 Rc5 88. Ra7 Kb8 89. Nc6+ 1-0